Gatunki muzyczne - Statystyki

Ogólne statystyki
  • Ten quiz został rozwiązany 92 razy
  • Średni wynik to 8 z 20
Statystyki odpowiedzi
Odpowiedź % Poprawnych
Pop
93%
Jazz
77%
Hip hop
76%
Metal
73%
Klasyczna
61%
Rock and roll
54%
Blues
50%
Country
45%
Folk
39%
Techno
35%
Reggae
32%
R&B
27%
Soul
24%
Heavy Metal
23%
Funk
22%
Dance
20%
House
19%
Punk rock
14%
Gospel
8%
Electronica
0%
Nie znaleziono quizów pasujących do podanych kryteriów
Rozkład punktacji
Procent ludzi z każdym wynikiem
Percentyl według liczby udzielonych odpowiedzi
Twoja historia wyników
Nie rozwiązałeś tego quizu